| 000 | 00360nam a2200133Ia 4500 | ||
|---|---|---|---|
| 008 | 220204s9999 xx 000 0 und d | ||
| 020 | _a0312233027 | ||
| 082 |
_a339.13 _bSCH |
||
| 100 | _aSchwartz, Herman M | ||
| 245 | 0 | _aState versus markets : The emergence of a global economy | |
| 250 | _aEd.2 | ||
| 260 |
_aHampshire _bMacmillan Press _c2000 |
||
| 942 | _cBK | ||
| 999 |
_c41981 _d41981 |
||